| 000 | 00352cam a2200133ua 4500 | ||
|---|---|---|---|
| 082 |
_a616.150223 _bDAL/CO |
||
| 100 |
_aDaland, Geneva A . _91584 |
||
| 245 | _aColor Atlas of Morphologic Hematology / | ||
| 250 | _a1 / | ||
| 260 |
_aLondon : _bHarward University Press , _c1959. |
||
| 300 | _a72 ; . | ||
| 700 |
_aHale Ham, Thomas _91585 |
||
| 942 | _cREF | ||
| 999 |
_c7884 _d7884 |
||